000
00250nam a2200109Ia 4500
008
190216s9999||||xx |||||||||||||| ||und||
100
_a
Nut Hamsool
245
0
_a
Malayalam-Victoria
260
_b
Dc Books Kottayam
650
_a
Malayalam
942
_c
BK
999
_c
26543
_d
26543